000 nam a22 a 4500
999 _c437212
_d437212
003 BLK
005 20221208031136.0
008 211116b bu |||||r|||| 00| | bu d
040 _aBLK
041 _aBUL
_cBUL
080 _aЖивотновъдство (общи въпроси). Скотовъдство. Развъждане на домашни животни
_b636
_x(075)
_z636(075)
100 _9330292
_aПетков, Петър Лазаров
_eпърви автор
139 _aПетков, Петър Лазаров
245 _aАнатомия и физиология на селскостопанските животни
_bУчебник за I курс на животновъдните отд. на селскостоп. техникуми
_cПетър Петков, Атанас Добрев
260 _9209440
_aСофия
_bЗемиздат
_c1959
_n954-05-
300 _a320 с.
_bс ил.
_c22 см
380 _a63
650 0 _9467559
_aДомашни животни – анатомия – учебници
650 0 _9467560
_aДомашни животни – физиология – учебници
653 7 _9185424
_aдомашни животни
653 7 _9180867
_aанатомия
653 7 _9199282
_aфизиология
700 _aДобрев, Атанас
_eсъавт.
_91445
852 _aЦб 14779
_bО
942 _cKNG
_n0
_s1
944 _aCR
_c2021-11-16
_kХристина Везирева